Countries with largest number of refugees - Statistics

General Stats
  • This quiz has been taken 45 times
  • The average score is 6 of 10
Answer Stats
Refugees Answer % Correct
1.84mill Turkey
90%
982000 Iran
88%
664000 Jordan
83%
1.2mill Lebanon
76%
1.5mill Pakistan
69%
702000 Ethiopia
55%
356000 Sudan
55%
552000 Kenya
50%
428000 Uganda
45%
420000 Chad
31%
No matching quizzes found
Score Distribution
Percent of People with Each Score
Percentile by Number Answered
Your Score History
You have not taken this quiz